<?xml version="1.0" encoding="UTF-8"?>
<record
    xmlns:xsi="http://www.w3.org/2001/XMLSchema-instance"
    xsi:schemaLocation="http://www.loc.gov/MARC21/slim http://www.loc.gov/standards/marcxml/schema/MARC21slim.xsd"
    xmlns="http://www.loc.gov/MARC21/slim">

  <leader>00843nam a2200277 i 4500</leader>
  <datafield tag="999" ind1=" " ind2=" ">
    <subfield code="c">1539</subfield>
    <subfield code="d">1539</subfield>
  </datafield>
  <controlfield tag="001">18698</controlfield>
  <controlfield tag="003">BD-DhUAP</controlfield>
  <controlfield tag="005">20200210093821.0</controlfield>
  <controlfield tag="008">200210s2011    enk      b    001 0 eng  </controlfield>
  <datafield tag="020" ind1=" " ind2=" ">
    <subfield code="a">9780230285699</subfield>
  </datafield>
  <datafield tag="040" ind1=" " ind2=" ">
    <subfield code="a">DLC</subfield>
    <subfield code="b">eng</subfield>
    <subfield code="e">rda</subfield>
    <subfield code="c">DLC</subfield>
    <subfield code="d">YDX</subfield>
    <subfield code="d">NIC</subfield>
    <subfield code="d">BD-DhUAP</subfield>
  </datafield>
  <datafield tag="082" ind1="0" ind2="4">
    <subfield code="a">346.4202 MCK</subfield>
    <subfield code="2">23</subfield>
  </datafield>
  <datafield tag="100" ind1="1" ind2=" ">
    <subfield code="a">McKendrick, Ewan.</subfield>
    <subfield code="9">37312</subfield>
  </datafield>
  <datafield tag="245" ind1="1" ind2="0">
    <subfield code="a">Contract law /</subfield>
    <subfield code="c">Ewan McKendrick.</subfield>
  </datafield>
  <datafield tag="250" ind1=" " ind2=" ">
    <subfield code="a">9th ed.</subfield>
  </datafield>
  <datafield tag="260" ind1=" " ind2=" ">
    <subfield code="a">West Yorkshire :</subfield>
    <subfield code="b">Macmillan,</subfield>
    <subfield code="c">c2011.</subfield>
  </datafield>
  <datafield tag="300" ind1=" " ind2=" ">
    <subfield code="a">xi, 396 pages ;</subfield>
    <subfield code="c">24 cm.</subfield>
  </datafield>
  <datafield tag="490" ind1=" " ind2=" ">
    <subfield code="a">Palgrave Macmillan law masters</subfield>
  </datafield>
  <datafield tag="504" ind1=" " ind2=" ">
    <subfield code="a">Includes bibliographical references and index.</subfield>
  </datafield>
  <datafield tag="526" ind1=" " ind2=" ">
    <subfield code="a">ENH</subfield>
  </datafield>
  <datafield tag="650" ind1=" " ind2="0">
    <subfield code="a">Contracts</subfield>
    <subfield code="z">Great Britain.</subfield>
    <subfield code="9">37313</subfield>
  </datafield>
  <datafield tag="650" ind1=" " ind2="0">
    <subfield code="a">Agency (Law)</subfield>
    <subfield code="z">Great Britain.</subfield>
    <subfield code="9">37314</subfield>
  </datafield>
  <datafield tag="942" ind1=" " ind2=" ">
    <subfield code="2">ddc</subfield>
    <subfield code="c">BK</subfield>
  </datafield>
  <datafield tag="952" ind1=" " ind2=" ">
    <subfield code="0">0</subfield>
    <subfield code="1">0</subfield>
    <subfield code="2">ddc</subfield>
    <subfield code="4">0</subfield>
    <subfield code="7">0</subfield>
    <subfield code="a">UAPCL</subfield>
    <subfield code="b">UAPCL</subfield>
    <subfield code="c">General Stacks</subfield>
    <subfield code="d">2020-02-10</subfield>
    <subfield code="l">2</subfield>
    <subfield code="o">346.4202 MCK</subfield>
    <subfield code="p">3010018698</subfield>
    <subfield code="r">2024-11-23</subfield>
    <subfield code="s">2024-09-26</subfield>
    <subfield code="t">1</subfield>
    <subfield code="w">2020-02-10</subfield>
    <subfield code="y">BK</subfield>
  </datafield>
  <datafield tag="952" ind1=" " ind2=" ">
    <subfield code="0">0</subfield>
    <subfield code="1">0</subfield>
    <subfield code="2">ddc</subfield>
    <subfield code="4">0</subfield>
    <subfield code="7">0</subfield>
    <subfield code="a">UAPCL</subfield>
    <subfield code="b">UAPCL</subfield>
    <subfield code="c">General Stacks</subfield>
    <subfield code="d">2020-02-10</subfield>
    <subfield code="l">1</subfield>
    <subfield code="o">346.4202 MCK</subfield>
    <subfield code="p">3010018696</subfield>
    <subfield code="r">2024-10-30</subfield>
    <subfield code="s">2024-10-14</subfield>
    <subfield code="t">2</subfield>
    <subfield code="w">2020-02-10</subfield>
    <subfield code="y">BK</subfield>
  </datafield>
  <datafield tag="952" ind1=" " ind2=" ">
    <subfield code="0">0</subfield>
    <subfield code="1">0</subfield>
    <subfield code="2">ddc</subfield>
    <subfield code="4">0</subfield>
    <subfield code="7">0</subfield>
    <subfield code="a">UAPCL</subfield>
    <subfield code="b">UAPCL</subfield>
    <subfield code="c">General Stacks</subfield>
    <subfield code="d">2020-02-10</subfield>
    <subfield code="l">2</subfield>
    <subfield code="o">346.4202 MCK</subfield>
    <subfield code="p">3010018697</subfield>
    <subfield code="r">2024-10-27</subfield>
    <subfield code="s">2024-10-14</subfield>
    <subfield code="t">3</subfield>
    <subfield code="w">2020-02-10</subfield>
    <subfield code="y">BK</subfield>
  </datafield>
</record>
